[Event "Stay Safe Play From Home 220"]
[Site "T#646737Emanuel Laske"]
[Date "2020.06.12"]
[Round "9"]
[White "Toosieslide"]
[Black "buzaglo"]
[Result "1-0"]
[WhiteElo "2298"]
[BlackElo "1938"]
[Annotator "TA"]
[PlyCount "111"]
[EventDate "2020.06.12"]
[EventType "swiss (blitz)"]

{[%evp 13,110,16,27,0,0,0,36,34,25,39,47,50,70,-28,46,14,3,-32,-31,-38,-22,-25,-37,-43,427,427,435,422,399,317,474,471,619,581,531,542,849,490,29978,29979,6434,5602,29992,29990,29990,29991,29991,29984,29976,3164,29992,29992,29992,29993,29994,29994,29995,29994,29996,29994,29994,29993,29994,29995,29995,29995,29997,29998,29998,29993,29993,29990,29990,29990,29990,29991,29991,29990,29990,29990,29990,29991,29992,29992,29993,29994,29995,29996,29996,29997,29997,29998,29998,29999,29999,29998,29998,29999,29999]} 1. d4 e6 2. c4 d5 3. Nc3 c6 4. e4 Be7 5. cxd5 cxd5 6. exd5 exd5 7. Nf3 Nf6 8. Be3 {B14: Caro-Kann: Panov-Botvinnik Attack with 5...e6 and 5...g6.} O-O 9. Bd3 Nc6 10. O-O {[#] White is slightly better.} Nb4 $146 ({Predecessor:} 10... Bg4 11. h3 Bh5 12. Rc1 Re8 13. Re1 a6 14. a3 Qd6 15. Bb1 Na5 16. Ba2 Nc4 17. Bxc4 dxc4 18. a4 Rac8 19. Qe2 Bf8 {0-1 (36) Motta,V (1666)-Silva,M (1955) Rio de Janeiro 2019}) 11. Bb1 g6 12. Ne5 Nc6 13. Bd3 (13. f4 $14) 13... Bd6 (13... Nxe5 $1 $11 14. dxe5 d4 15. Bxd4 Qxd4 16. exf6 Bxf6) 14. Nxc6 bxc6 15. h3 Bc7 16. Rc1 Qd6 {[%csl Gc7][%cal Rd6h2]} 17. f4 Nh5 18. Na4 Nxf4 $2 {[%mdl 8192] This costs Black the game.} (18... Re8 $15 {keeps the upper hand.} 19. Qf3 Nf6) 19. Bxf4 $18 ({Weaker is} 19. Rxf4 Re8 $18) 19... Qd8 20. Bxc7 Qxc7 21. Qc2 Bd7 (21... Bxh3 {might work better.} 22. Qf2 (22. Qxc6 Qg3 $18) 22... Bg4) 22. Nc5 Be8 23. Qf2 Qd6 24. Rce1 Rb8 25. b3 Rb7 (25... Bd7 $18 26. Qh4 f6 27. Nxd7 Qxd7 28. Rxf6 Rxf6) 26. Nxb7 Qc7 27. Nc5 {Threatening mate with Qf6!} a6 {[#]} 28. Ne6 $1 Qe7 (28... fxe6 29. Qxf8#) 29. Nxf8 Qxf8 30. Qe3 Bd7 31. Qe7 Be6 32. Qxf8+ {White mates.} Kxf8 33. Rxe6 Kg7 34. Rxc6 Kh6 35. Rxa6 f5 36. Ra5 Kg5 37. Rxd5 h5 {[#]} 38. Bxf5 $1 gxf5 39. Rdxf5+ Kh4 40. R1f4+ Kg3 {[#]} 41. Rxh5 $3 {[%csl Gh3][%cal Rf4g4]} Kxf4 {[%mdl 4096] Endgame KR-K} 42. Rh4+ Kf5 43. Rg4 Ke6 44. a4 Kd5 45. Kh2 Kc6 46. Kg3 Kb6 47. h4 Kc7 48. h5 Kd6 49. h6 Ke6 50. h7 Kf5 51. h8=Q {[%csl Gd4][%cal Rh8e5]} Ke6 52. Qe5+ Kd7 53. Rg7+ Kc6 54. Rc7+ Kb6 55. Qc5+ Ka6 56. Ra7# {Accuracy: White = 57%, Black = 46%.} 1-0

[Event "Stay Safe Play From Home 220"]
[Site "T#646737Emanuel Laske"]
[Date "2020.06.12"]
[Round "9"]
[White "Lazieri3"]
[Black "Mepe_Nika"]
[Result "1-0"]
[WhiteElo "1982"]
[BlackElo "2403"]
[Annotator "TA"]
[PlyCount "51"]
[EventDate "2020.06.12"]
[EventType "swiss (blitz)"]

{[%evp 9,51,129,196,200,212,214,202,163,175,114,148,144,136,79,91,88,120,20,46,-33,-22,-27,129,137,142,-6,-8,-101,-110,-95,14,-6,-6,-162,-186,-206,-162,-182,-183,-725,-703,-877,-883,-29999]} 1. e4 d5 2. exd5 c6 3. dxc6 e5 4. cxb7 Bxb7 5. d3 {[#]} e4 $146 (5... Bc5 $16) ({Predecessor:} 5... Bc5 6. Nc3 Nf6 7. Nf3 Ng4 8. Qe2 Bxf2+ 9. Kd1 Bb6 10. Nxe5 Nf2+ 11. Ke1 O-O 12. Rg1 Re8 13. Bf4 Nc6 14. Ne4 Nxe5 15. Bxe5 Rxe5 16. Qf3 Nxe4 {0-1 (16) Warnest,S-Rennert,R GER email 2008}) 6. dxe4 $18 {B01: Scandinavian Defence.} Qxd1+ 7. Kxd1 Bxe4 8. f3 {White is clearly better.} Bg6 9. Bd3 (9. Nh3 $18) 9... Nc6 10. Bxg6 hxg6 11. Ne2 (11. Nd2 $142) 11... O-O-O+ 12. Ke1 Nf6 13. c3 ({Better is} 13. Bg5 $16) 13... Bc5 14. Bf4 (14. Nd2 $1 $14) 14... Rhe8 $15 15. Nd2 Ne5 $2 {[#]} (15... Nh5 $11 16. g3 Nxf4 17. gxf4 Bf2+ $1 {[%mdl 512]} 18. Kxf2 Rxd2 {[%mdl 64] Double Attack}) 16. Bxe5 $1 $16 Rxe5 17. Nb3 ({White must play} 17. Nc4 $16 Ree8 18. b4) 17... Rde8 $36 {[%mdl 2048] Black has some pressure.} 18. Nxc5 (18. Nbc1 $1 $11 {keeps the balance.}) 18... Rxe2+ $17 {[%mdl 64] Double Attack} 19. Kf1 {Black should prevent Ne4.} Nd5 (19... Rxb2 $17 {Hoping for ...Nd5.} 20. h4 Ree2) 20. Ne4 Rxb2 {And now ...Ne3+ would win.} 21. Re1 $2 {White does not recover from this.} (21. Nd6+ $11 {and White stays safe.} Kd8 22. Nxe8 Ne3+ {[%mdl 64] Double Attack} 23. Ke1) 21... Kc7 $19 22. g4 f5 23. gxf5 gxf5 24. Nf2 $2 (24. c4) 24... Ne3+ 25. Kg1 Re6 {( -> ...Rg6+)} 26. Nd3 {[%mdl 32768] Accuracy: White = 31%, Black = 51%. . Loss on time!?} 1-0

[Event "Stay Safe Play From Home 220"]
[Site "T#646737Emanuel Laske"]
[Date "2020.06.12"]
[Round "9"]
[White "Haxhi Baha"]
[Black "Little champs"]
[Result "0-1"]
[WhiteElo "1967"]
[BlackElo "2200"]
[Annotator "TA"]
[PlyCount "84"]
[EventDate "2020.06.12"]
[EventType "swiss (blitz)"]

{[%evp 9,83,15,43,17,31,-6,3,-23,-24,-20,-8,-14,0,0,25,0,18,11,37,-139,5,7,-5,-69,-74,-83,0,-92,-43,-36,-30,-31,23,-18,38,-156,60,-6,100,89,84,79,142,-146,106,-118,187,-76,192,56,206,-82,-74,-75,-67,-60,151,143,164,-18,-14,-305,-291,-630,-621,-605,-629,-608,-622,-608,-605,-29995,-29996,-29997,-83,-29999]} 1. e4 c6 2. Nc3 d5 3. Nf3 dxe4 4. Nxe4 Nf6 5. Nc3 g6 {[#]} 6. Bc4 $146 {B11: Caro-Kann: Two Knights Variation.} ({Predecessor:} 6. d4 Bg7 7. Bc4 O-O 8. O-O Bg4 9. Be3 Nbd7 10. h3 Bxf3 11. Qxf3 e6 12. Bb3 a5 {0-1 (48) Van Esbroeck,J (1477)-Sensabaugh,G (1601) LSS email 2010}) 6... Bg7 7. h3 O-O 8. d3 {The position is equal.} b5 9. Bb3 a5 {Threatens to win with ...a4.} 10. a3 a4 11. Ba2 Na6 12. Qe2 Nc5 13. Be3 Ne6 14. O-O-O $2 {[#]} (14. O-O $14) 14... Nd5 (14... b4 $1 $17 {[%cal Rb4c3][%mdl 512]} 15. axb4 a3 16. bxa3 Rxa3 17. Bxe6 Bxe6) 15. Nxd5 $1 $11 cxd5 16. d4 (16. Bd2 $11) 16... b4 $15 17. axb4 a3 (17... Qd6 $17) 18. b3 (18. bxa3 $1 $11 Rxa3 19. Kb2) 18... Qb6 {[%mdl 1024] Black has strong compensation.} 19. Qd2 $1 Rb8 20. c3 Ba6 (20... Qc7 $15) 21. Kb1 Rfc8 ({Better is} 21... f5 $1 $11 22. Bg5 Rb7) 22. Ne5 $2 (22. Ka1 $14 {keeps the upper hand.}) 22... Rc7 $2 (22... Qc7 $17 23. Rc1 Bxe5 24. dxe5 Qxe5) 23. Rc1 (23. f4 $14) 23... Rbc8 {[#]} (23... Bxe5 $11 24. dxe5 d4 25. cxd4 Rd7) 24. f4 $1 $16 f6 25. Nf3 Qb5 ({Black should play} 25... Bh6) 26. g4 $2 {[%mdl 8192]} (26. Ka1 $16) 26... Nd8 $2 {[%mdl 8192]} (26... Qd3+ $17 27. Ka1 Rxc3 28. Qxd3 Bxd3 29. Rxc3 Rxc3) 27. f5 $2 (27. c4 $1 $16 {[%cal Rc4b5]} dxc4 28. bxc4) 27... g5 $2 {[%mdl 8192]} (27... Qd3+ $17 {keeps the pressure on.} 28. Ka1 Rxc3 29. Qxd3 Rxd3 30. Rxc8 Bxc8) 28. h4 $2 (28. c4 $1 $18 {[%cal Rc4b5]} Qe8 29. b5 (29. cxd5 Rxc1+ 30. Rxc1 Rxc1+ 31. Qxc1 h5 $14)) 28... h6 $2 {[%mdl 8192]} (28... Qd3+ $17 {stays on course.} 29. Ka1 Rxc3 30. Qxd3 Bxd3 31. Rxc3 Rxc3) 29. hxg5 (29. c4 $1 $18 {[%cal Rc4b5]} Qb7 30. b5 (30. hxg5 fxg5 31. Ne5 dxc4 $18) 30... dxc4 31. bxa6 (31. bxc4 Qxf3 32. bxa6 Qxg4 $16) 31... Qxf3 32. bxc4) 29... hxg5 (29... Qd3+ $14 30. Qxd3 Bxd3+ 31. Ka1 fxg5) 30. Rh2 $2 (30. c4 $1 $18 {[%cal Rc4b5]} dxc4 31. bxc4 Rxc4 32. Rxc4 (32. Bxc4+ Rxc4 33. Rxc4 Qxc4 $18) (32. Qh2 Qxb4+ 33. Ka1 Nf7 $15) 32... Rxc4 33. Rc1 {[%mdl 64] Pin}) 30... Qd3+ $17 31. Qxd3 Bxd3+ 32. Ka1 Nb7 $2 (32... Rxc3 $15 {stays ahead.} 33. Rxc3 Rxc3) 33. Bd2 $16 Nd6 {[%cal Bb7d6,Bd6e4,Be4c3][%mdl 32] [#]} 34. Rch1 $2 ({White should try} 34. Ne1 $1 $18 {[%cal Re1d3]} Ba6 35. Bb1) 34... Ne4 $36 {[%mdl 2048] Black has some pressure.} 35. Be1 $2 {[%mdl 8192]} (35. c4 $11 {and White is okay.}) 35... Nxc3 $19 36. Bd2 $2 (36. Bxc3 Rxc3 37. Nd2) 36... Nxa2 37. Kxa2 {Now Ne1 and White clings on.} Rc2+ 38. Ka1 {intending Ne1.} Be4 39. Rf1 Rb2 {( -> ...Rcc2!)} 40. b5 {[#]} Rcc2 $1 {[%mdl 512]} 41. Bb4 Rxh2 $2 (41... Ra2+ $1 {mates} 42. Kb1 Rxh2+ {[%mdl 64] Discovered Attack} 43. Kc1 Ra1#) 42. Bxa3 $2 {[%mdl 8192]} (42. Nxh2 $17 Rxb3 43. Bxe7) 42... Ra2# {Accuracy: White = 27%, Black = 32%.} 0-1

[Event "Stay Safe Play From Home 220"]
[Site "T#646737Emanuel Laske"]
[Date "2020.06.12"]
[Round "9"]
[White "Greblah"]
[Black "Lamborghini"]
[Result "0-1"]
[WhiteElo "1934"]
[BlackElo "2255"]
[Annotator "TA"]
[PlyCount "132"]
[EventDate "2020.06.12"]
[EventType "swiss (blitz)"]

{[%evp 9,132,22,37,31,32,12,16,-26,-14,-37,20,-5,34,-69,-66,-66,-58,-104,-95,-158,-160,-154,-71,-184,-164,-938,-927,-1458,-1296,-1873,-1812,-1951,-1886,-3099,-2780,-29994,-29995,-29995,-1936,-1936,-1832,-1908,-1583,-1941,-1509,-1684,-1632,-1868,-1828,-5924,-1618,-29995,-1587,-1887,-1834,-29987,-29988,-29996,-29997,-29997,-29998,-29998,-938,-1054,-945,-933,-891,-6022,-1197,-29980,-29981,-29981,-29982,-29982,-29982,-29989,-29988,-29989,-29988,-29987,-29987,-29987,-29987,-29989,-29987,-29989,-29988,-29986,0,-29990,-29991,-29993,-29992,-29992,-29991,-29992,-29990,-29992,0,-29992,0,-29992,-29991,-29992,-29988,-29997,-29993,-29993,-29992,-29997,-29991,-29991,-29990,-29991,-29990,-29991,0,-29990,-29990,-29990,-29990,-29990,-29989,-29989,-29988]} 1. e4 c5 2. Nc3 d6 3. g3 Nc6 4. Bg2 Bd7 5. d3 Qc8 6. Be3 {[#] B24: Closed Sicilian: 3 g3 sidelines.} Rb8 $146 ({Predecessor:} 6... g6 7. Qd2 Bg7 8. f4 Nh6 9. h3 f5 10. Nd1 O-O 11. c3 Rb8 12. Nf2 e6 {½-½ (43) Bosco,R (2169)-Vajnik,E Buenos Aires 2000}) 7. Qd2 b5 8. Nce2 {The position is equal.} g6 9. c3 h5 (9... Nf6 $15) 10. Nf3 Bh3 11. Rg1 ({White should play} 11. Bxh3 $14 Qxh3 12. Ng5) 11... Bxg2 $15 12. Rxg2 Bg7 13. h4 b4 14. d4 (14. Kf1 $142) 14... bxc3 15. bxc3 Na5 (15... Nf6 $142 16. Ng5 Ng4 17. dxc5 dxc5) 16. Nc1 (16. Qd1 $17 {was called for.} Nf6 17. Qa4+ {[%mdl 64] Double Attack} Qc6 18. Qxa5 {[%mdl 64] Double Attack} Qxe4 19. Neg1) 16... Nc4 $19 17. Ne2 $2 (17. Qd3 Nxe3 18. fxe3) 17... Nxd2 18. Kxd2 Nf6 19. g4 Nxe4+ 20. Ke1 hxg4 21. Rxg4 Qxg4 22. Ne5 dxe5 23. dxc5 Qxe2+ (23... Rb2 $142 24. Kf1 Qxe2+ {[%mdl 64] Double Attack} 25. Kg1 Rxh4 26. Kg2 Qg4+ 27. Kf1 Rh1#) 24. Kxe2 Nxc3+ 25. Kd3 Nd5 26. Rc1 Nb4+ 27. Ke4 Nc6 28. Bg5 f5+ 29. Kd5 Rc8 30. Ke6 Nd4+ (30... Rd8 $142 31. Rc4 Rd7 32. Bxe7 Nd8+ 33. Bxd8 Kxd8 34. f4 Re8#) 31. Kd5 Kf7 32. c6 Rhd8+ 33. Kc5 Rxc6+ 34. Kb4 Rb8+ 35. Ka5 Ra6+ (35... Rb5+ $142 36. Ka4 Ra6#) 36. Kxa6 Rb6+ 37. Kxa7 Rb2 38. Rc7 Bf6 {Strongly threatening ...Nb5+.} 39. Bh6 Nb5+ {[%mdl 64] Double Attack} 40. Kb6 Nxc7+ 41. Kxc7 Bxh4 42. Be3 f4 43. a4 Ra2 44. Bb6 Rxa4 45. Kc6 Ra2 46. Kb5 Rc2 47. Bc5 Rb2+ 48. Kc4 Rc2+ $2 (48... Bxf2 49. Bb4 f3 50. Ba5 Re2 51. Kd3 Bg1 52. Bc7 e4+ 53. Kc4 Rc2+ 54. Kd5 Rxc7 55. Ke5 f2 56. Kf4 f1=Q+ 57. Kg3 Rc3+ 58. Kg4 Qh3+ 59. Kg5 Be3#) 49. Kd3 $2 {[%mdl 8192]} (49. Kb5 $11 Bxf2 50. Ba3 f3 51. Bb4 Rb2 52. Kc4 Rxb4+ {[%mdl 64] Promotion} 53. Kxb4 Bd4 54. Ka4 f2 55. Kb3 f1=Q 56. Kc2 Qc4+ 57. Kd2 e4 58. Kd1 e3 59. Ke1 Qc2 60. Kf1 Qf2#) 49... Rxc5 50. Ke4 Rc6 51. Kxe5 Rf6 52. Ke4 Rf5 53. Kf3 {[#]} Rf6 $2 (53... Bxf2 $1 54. Kg2 (54. Kxf2 f3) 54... Bg3 55. Kf3 Ke6 56. Kg4 Rd5 57. Kh3 Kf5 58. Kg2 Kg4 59. Kf1 f3 60. Kg1 Rd1#) 54. Kg4 $2 {[%mdl 8192]} (54. Ke4 $11 Bxf2 55. Kd3 f3 56. Kd2 Be1+ 57. Kd3 f2 58. Ke4 f1=Q 59. Kd5 Rd6+ 60. Ke4 Rd3 61. Ke5 Qf5#) 54... Rf5 55. Kf3 $1 g5 56. Kg4 {[#]} f3 $1 57. Kh3 Rd5 58. Kg4 Rd1 59. Kh3 Rh1+ 60. Kg4 Ke8 61. Kf5 Kd7 62. Ke4 Ke8 $2 (62... g4 {mates} 63. Ke3 e5 64. Kd2 g3 65. fxg3 f2 66. Kd3 f1=Q+ 67. Kc3 Qb5 68. gxh4 Rh3+ 69. Kd2 Qb2+ 70. Ke1 Rh1#) 63. Kxf3 $2 {[%mdl 8192]} (63. Kf5 $11 Rf1 64. Ke4 Rxf2 65. Kd4 Rh2 66. Kc5 f2 67. Kd5 f1=Q 68. Kd4 Rc2 69. Ke4 Qb5 70. Ke3 Qc4 71. Kf3 Qf4#) 63... e6 {Black mates.} 64. Kg4 e5 65. Kf3 {[#]} e4+ $1 66. Kxe4 Rf1 {Accuracy: White = 19%, Black = 67%.} 0-1

[Event "Stay Safe Play From Home 220"]
[Site "T#646737Emanuel Laske"]
[Date "2020.06.12"]
[Round "9"]
[White "Ovsaik"]
[Black "Haris kollari 13"]
[Result "0-1"]
[WhiteElo "1846"]
[BlackElo "1767"]
[Annotator "NA RC"]
[PlyCount "94"]
[EventDate "2020.06.12"]
[EventType "swiss (blitz)"]

1. e4 {[%emt 0:00:01]} e6 {[%emt 0:00:00]} 2. Nf3 {[%emt 0:00:01]} d5 {[%emt 0:00:00]} 3. e5 {[%emt 0:00:01]} c5 {[%emt 0:00:01]} 4. c3 {[%emt 0:00:00]} Nc6 {[%emt 0:00:00]} 5. d4 {[%emt 0:00:00]} c4 {[%emt 0:00:01]} 6. Nbd2 {[%emt 0:00:02]} b5 {[%emt 0:00:01]} 7. Be2 {[%emt 0:00:00]} Bd7 {[%emt 0:00:01]} 8. O-O {[%emt 0:00:00]} a5 {[%emt 0:00:03]} 9. Rb1 {[%emt 0:00:00]} Nge7 {[%emt 0:00:01]} 10. b3 {[%emt 0:00:00]} Qc7 {[%emt 0:00:02]} 11. bxc4 {[%emt 0:00:01]} bxc4 {[%emt 0:00:01]} 12. Re1 {[%emt 0:00:00]} Ng6 {[%emt 0:00:01]} 13. Nf1 {[%emt 0:00:00]} Be7 {[%emt 0:00:01]} 14. Be3 {[%emt 0:00:01]} O-O {[%emt 0:00:01]} 15. Qd2 {[%emt 0:00:01]} a4 {[%emt 0:00:01]} 16. g3 {[%emt 0:00:01]} a3 {[%emt 0:00:01]} 17. h4 {[%emt 0:00:00]} Rfb8 {[%emt 0:00:01]} 18. h5 {[%emt 0:00:01]} Nf8 {[%emt 0:00:01]} 19. N3h2 {[%emt 0:00:01]} Rxb1 {[%emt 0:00:03]} 20. Rxb1 {[%emt 0:00:01]} Rb8 {[%emt 0:00:00]} 21. Rc1 {[%emt 0:00:01]} Rb2 {[%emt 0:00:02]} 22. Rc2 {[%emt 0:00:01]} Qb6 {[%emt 0:00:01]} 23. Qc1 {[%emt 0:00:10]} Na5 {[%emt 0:00:02]} 24. Bd1 {[%emt 0:00:02]} Rb1 {[%emt 0:00:02]} 25. Qd2 {[%emt 0:00:02]} Ba4 {[%emt 0:00:01]} 26. Rc1 {[%emt 0:00:02]} Bxd1 {[%emt 0:00:07]} 27. Qxd1 {[%emt 0:00:02]} Rxc1 {[%emt 0:00:01]} 28. Qxc1 {[%emt 0:00:01]} Qb2 {[%emt 0:00:00]} 29. Qd2 {[%emt 0:00:01]} Nd7 {[%emt 0:00:04]} 30. g4 {[%emt 0:00:03]} Nb6 {[%emt 0:00:01]} 31. Ng3 {[%emt 0:00:01]} Na4 {[%emt 0:00:01]} 32. Nhf1 {[%emt 0:00:02]} Nxc3 {[%emt 0:00:01]} 33. f4 {[%emt 0:00:02]} Nxa2 {[%emt 0:00:02]} 34. f5 {[%emt 0:00:01]} Qxd2 {[%emt 0:00:02]} 35. Nxd2 {[%emt 0:00:00]} Nb3 {[%emt 0:00:01]} 36. Nb1 {[%emt 0:00:01]} exf5 {[%emt 0:00:04]} 37. Ne2 {[%emt 0:00:00]} Bb4 {[%emt 0:00:01]} 38. Nec3 {[%emt 0:00:01]} Bxc3 {[%emt 0:00:01]} 39. Nxa3 {[%emt 0:00:02]} Nxd4 {[%emt 0:00:01]} 40. Bf2 {[%emt 0:00:02]} Nf3+ {[%emt 0:00:01]} 41. Kg2 {[%emt 0:00:02]} fxg4 {[%emt 0:00:00]} 42. Nb5 {[%emt 0:00:01]} Bxe5 {[%emt 0:00:00]} 43. Be3 {[%emt 0:00:01]} c3 {[%emt 0:00:01]} 44. Bf2 {[%emt 0:00:00]} c2 {[%emt 0:00:01]} 45. Na3 {[%emt 0:00:00]} c1=Q {[%emt 0:00:01]} 46. Be3 {[%emt 0:00:02]} Qxe3 {[%emt 0:00:01]} 47. Nc2 {[%emt 0:00:03]} Ne1+ {[%emt 0:00:01] Zeit (Lag: Av=1.25s, max=1.6s)} 0-1

[Event "Stay Safe Play From Home 220"]
[Site "T#646737Emanuel Laske"]
[Date "2020.06.12"]
[Round "9"]
[White "Grizzzly"]
[Black "Trotsky"]
[Result "1-0"]
[WhiteElo "1756"]
[BlackElo "1676"]
[Annotator "NA RC"]
[PlyCount "53"]
[EventDate "2020.06.12"]
[EventType "swiss (blitz)"]

1. d4 {[%emt 0:00:02]} d5 {[%emt 0:00:01]} 2. c4 {[%emt 0:00:00]} e6 {[%emt 0:00:01]} 3. Nc3 {[%emt 0:00:00]} c5 {[%emt 0:00:01]} 4. cxd5 {[%emt 0:00:00]} exd5 {[%emt 0:00:01]} 5. Nf3 {[%emt 0:00:01]} Be6 {[%emt 0:00:01]} 6. Bf4 {[%emt 0:00:00]} c4 {[%emt 0:00:01]} 7. e3 {[%emt 0:00:01]} Nc6 {[%emt 0:00:01]} 8. Be2 {[%emt 0:00:00]} a6 {[%emt 0:00:00]} 9. O-O {[%emt 0:00:00]} Bd6 {[%emt 0:00:01]} 10. Ne5 {[%emt 0:00:01]} Qc7 {[%emt 0:00:01]} 11. e4 {[%emt 0:00:04]} Nf6 {[%emt 0:00:02]} 12. exd5 {[%emt 0:00:01]} Bxd5 {[%emt 0:00:02]} 13. Nxd5 {[%emt 0:00:01]} Nxd5 {[%emt 0:00:01]} 14. Re1 {[%emt 0:00:03]} O-O-O {[%emt 0:00:03]} 15. Bxc4 {[%emt 0:00:02]} Nxf4 {[%emt 0:00:01]} 16. Nxf7 {[%emt 0:00:04]} Rdf8 {[%emt 0:00:08]} 17. Nxh8 {[%emt 0:00:01]} Rxh8 {[%emt 0:00:26]} 18. Qg4+ {[%emt 0:00:01]} Kb8 {[%emt 0:00:02]} 19. g3 {[%emt 0:00:09] .} h5 {[%emt 0:00:01]} 20. Qf3 {[%emt 0:00:02]} Ng6 {[%emt 0:00:01]} 21. Re6 {[%emt 0:00:05]} h4 {[%emt 0:00:00]} 22. Rae1 {[%emt 0:00:02]} hxg3 {[%emt 0:00:01]} 23. fxg3 {[%emt 0:00:02]} Nh4 {[%emt 0:00:01]} 24. Qf7 {[%emt 0:00:03]} Bxg3 {[%emt 0:00:02]} 25. Qxc7+ {[%emt 0:00:02]} Kxc7 {[%emt 0:00:01]} 26. hxg3 {[%emt 0:00:01]} Nf3+ {[%emt 0:00:01]} 27. Kg2 {[%emt 0:00:00] Âðåìÿ (Lag: Av=0.22s, max=0.3s)} 1-0

[Event "Stay Safe Play From Home 220"]
[Site "T#646737Emanuel Laske"]
[Date "2020.06.12"]
[Round "9"]
[White "Edmatuag"]
[Black "Fischer_11"]
[Result "0-1"]
[WhiteElo "1711"]
[BlackElo "2045"]
[Annotator "NA RC"]
[PlyCount "64"]
[EventDate "2020.06.12"]
[EventType "swiss (blitz)"]

1. d4 {[%emt 0:00:01]} e5 {[%emt 0:00:02]} 2. c4 {[%emt 0:00:01]} exd4 {[%emt 0:00:01]} 3. Nf3 {[%emt 0:00:02]} c5 {[%emt 0:00:01]} 4. e3 {[%emt 0:00:01]} dxe3 {[%emt 0:00:00]} 5. Bxe3 {[%emt 0:00:01]} Nf6 {[%emt 0:00:00]} 6. Nc3 {[%emt 0:00:02]} Be7 {[%emt 0:00:00]} 7. Bd3 {[%emt 0:00:01]} O-O {[%emt 0:00:00]} 8. Qc2 {[%emt 0:00:01]} b6 {[%emt 0:00:00]} 9. Ne5 {[%emt 0:00:02]} Nc6 {[%emt 0:00:01]} 10. Nxc6 {[%emt 0:00:02]} dxc6 {[%emt 0:00:00]} 11. O-O-O {[%emt 0:00:01]} Qc7 {[%emt 0:00:02]} 12. g4 {[%emt 0:00:04]} Bxg4 {[%emt 0:00:03]} 13. Rdg1 {[%emt 0:00:02]} Bh5 {[%emt 0:00:01]} 14. f4 {[%emt 0:00:07]} Rad8 {[%emt 0:00:09]} 15. Rg5 {[%emt 0:00:02]} g6 {[%emt 0:00:07]} 16. Rhg1 {[%emt 0:00:05]} Nd7 {[%emt 0:00:02]} 17. Rxh5 {[%emt 0:00:03]} Nf6 {[%emt 0:00:02]} 18. Rhg5 {[%emt 0:00:01]} Nd7 {[%emt 0:00:01]} 19. h4 {[%emt 0:00:01]} Bxg5 {[%emt 0:00:01]} 20. hxg5 {[%emt 0:00:01]} Rfe8 {[%emt 0:00:01]} 21. Rh1 {[%emt 0:00:02]} Rxe3 {[%emt 0:00:03]} 22. Ne4 {[%emt 0:00:01]} Rxe4 {[%emt 0:00:01]} 23. Bxe4 {[%emt 0:00:01]} Nf8 {[%emt 0:00:00]} 24. Qh2 {[%emt 0:00:02]} Rd4 {[%emt 0:00:04]} 25. Bc2 {[%emt 0:00:02]} Qxf4+ {[%emt 0:00:01]} 26. Qxf4 {[%emt 0:00:02]} Rxf4 {[%emt 0:00:00]} 27. Re1 {[%emt 0:00:01]} Rxc4 {[%emt 0:00:01]} 28. Re8 {[%emt 0:00:01]} b5 {[%emt 0:00:01]} 29. b3 {[%emt 0:00:01]} Rg4 {[%emt 0:00:02]} 30. Kb2 {[%emt 0:00:01]} Rxg5 {[%emt 0:00:00]} 31. Re7 {[%emt 0:00:01]} h5 {[%emt 0:00:00]} 32. Rxa7 {[%emt 0:00:01]} h4 {[%emt 0:00:00] Time (Lag: Av=0.36s, max=0.4s)} 0-1